| Tag |
First Indicator |
Second Indicator |
Subfields |
| LEADER |
00000cam a2200000 i 4500 |
| 001 |
in00000396521 |
| 005 |
20151012051337.0 |
| 008 |
801023r19721967txu 00010 eng d |
| 035 |
|
|
|a (OCoLC)06855571
|
| 035 |
|
|
|9 ABT5052AM
|
| 040 |
|
|
|a CRU
|c CRU
|d TXA
|d UtOrBLW
|
| 049 |
|
|
|a TXA1
|c [A14808520629]
|
| 090 |
|
|
|a PN3448.S45
|b O64 1972
|
| 100 |
1 |
|
|a Dodge, Robert Kendall,
|d 1941-
|
| 245 |
1 |
4 |
|a The influence of machines and technology on American literature of the late nineteenth and early twentieth centuries /
|c Robert Kendall Dodge.
|
| 264 |
|
1 |
|a Austin, Texas :
|b University of Texas,
|c 1967.
|
| 300 |
|
|
|a iv, 209 . ;
|c 28 cm.
|
| 336 |
|
|
|a text
|b txt
|2 rdacontent
|
| 337 |
|
|
|a unmediated
|b n
|2 rdamedia
|
| 338 |
|
|
|a volume
|b nc
|2 rdacarrier
|
| 500 |
|
|
|a Thesis (Ph.D.)--University of Texas.
|
| 500 |
|
|
|a Vita.
|
| 500 |
|
|
|a Photocopy of typescript. Ann Arbor, Mich., University Microfilms, l972. 21 cm.
|
| 504 |
|
|
|a Bibliography: leaves 207-209.
|
| 650 |
|
0 |
|a Literature and technology
|y 19th century.
|
| 650 |
|
0 |
|a Literature and technology
|y 20th century.
|
| 650 |
|
0 |
|a Science fiction
|x History and criticism.
|
| 999 |
|
|
|a MARS
|
| 999 |
f |
f |
|s 3256d50f-dddd-3a75-8187-a0342c22dff0
|i 3d21f30e-99e7-3fe9-9d35-55a09f132e27
|t 0
|
| 952 |
f |
f |
|p noncirc
|a Texas A&M University
|b College Station
|c Cushing Memorial Library & Archives
|d Cushing: Science Fiction (Does not check out)
|t 0
|e PN3448.S45 O64 1972
|h Library of Congress classification
|i unmediated -- volume
|m A14808520629
|
| 998 |
f |
f |
|a PN3448.S45 O64 1972
|t 0
|l Cushing: Science Fiction (Does not check out)
|